000 00771nam a2200193 a 4500
001 000041930
005 20201002035834.0
008 131023s2005 sp ab 000 0 spa d
020 _a8400083768
040 _aDO-SdBNP
_bspa
_cBNPHU
245 0 0 _aProyecto de Cooperación Científica :
_bdesarrollo metodológico y aplicaciones integral del pratrimonio arqueológico en Uruguay /
_ccoordinadora Camila Gianotti García.
260 _aSantiago de Compostela :
_bCSIC,
_c2005.
300 _a156 p. :
_bil., mapas ;
_c32 cm.
490 1 _aTapa
_v36
504 _aIncluye referencias bibliográficas y notas al pie de las páginas
700 1 _aGianotti García, Camila
_968835
710 2 _aConsejo Superior de Investigaciones Científicas
_94786
830 0 _aTapa
_v36
_968836
999 _c41419
_d41419